Az IT Services Hungary Kft. környezetvédelem iránti elkötelezettsége

Bibliográfiai részletek
Szerző: Maros Rebeka
További közreműködők: Fabula László
Dokumentumtípus: Diplomadolgozat
Kulcsszavak:Kérdőíves kutatás
Környezetvédelem
Környezettudatosság
Mélyinterjú
Munkavállalói kampány
Online Access:http://dolgozattar.uni-bge.hu/2198

MARC

LEADER 00000nta a2200000 i 4500
001 dolg2198
005 20150901140834.0
008 150506suuuu hu om 000 hun d
040 |a BGE Dolgozattár Repozitórium  |b hun 
041 |a hu 
100 1 |a Maros Rebeka 
245 1 3 |a Az IT Services Hungary Kft. környezetvédelem iránti elkötelezettsége  |c Maros Rebeka  |h [elektronikus dokumentum] 
695 |a Kérdőíves kutatás 
695 |a Környezetvédelem 
695 |a Környezettudatosság 
695 |a Mélyinterjú 
695 |a Munkavállalói kampány  
700 1 |a Fabula László  |e ths 
856 4 0 |u http://dolgozattar.uni-bge.hu/2198/1/Maros-Rebeka-SZAKDOLGOZAT-pdf.pdf  |z Dokumentum-elérés